| 000 | 01015cam a22003135a 4500 | ||
|---|---|---|---|
| 001 | 013118093 | ||
| 003 | EG-ScBUE | ||
| 005 | 20220828114842.0 | ||
| 008 | 050124s2005 enka f bd 001 0 eng d | ||
| 020 | _a9780192803542 | ||
| 020 | _a0192803549 | ||
| 040 |
_aStDuBDS _beng _erda _cStDuBDS _dUk _dEG-ScBUE |
||
| 082 | 0 | 4 |
_222 _a709.024 _bJOH |
| 100 | 1 |
_aJohnson, Geraldine A., _eauthor. |
|
| 245 | 1 | 0 |
_aRenaissance art : _ba very short introduction / _cGeraldine A. Johnson. |
| 264 | 1 |
_aOxford ; _aNew York : _bOxford University Press, _c2005. |
|
| 300 |
_a157 pages : _billustrations ; _c18 cm. |
||
| 336 |
_2rdacontent _atext _btxt |
||
| 337 |
_2rdamedia _aunmediated _bn |
||
| 338 |
_2rdacarrier _avolume _bnc |
||
| 490 | 0 |
_aVery short introductions ; _v129 |
|
| 500 | _aIncludes glossary. | ||
| 504 | _aIncludes bibliographical references and index. | ||
| 650 | 7 |
_aArt, Renaissance. _2BUEsh _9386 |
|
| 651 | _2BUEsh | ||
| 653 |
_bHHUUPPSS _cApril2017 |
||
| 655 |
_vReading book _934232 |
||
| 942 |
_2ddc _cBB |
||
| 999 |
_c24724 _d24696 |
||